[Event "FRA-chT3 Gr12 0304"]
[Site "Loire"]
[Date "2004.03.14"]
[Round "7.8"]
[White "Lafrechoux, Laurent"]
[Black "Boillaud, Jean Marie"]
[Result "1/2-1/2"]
[WhiteElo "1750"]
[BlackElo "1860"]
[PlyCount "151"]
[EventDate "2003.10.12"]
[EventType "team"]
[EventRounds "9"]
[EventCountry "FRA"]
[SourceTitle "EXT 2008"]
[Source "ChessBase"]
[SourceDate "2007.11.25"]
[SourceVersion "1"]
[SourceVersionDate "2007.11.25"]
[SourceQuality "1"]

1. e4 e6 2. f4 c5 3. Nf3 d5 4. Nc3 Nc6 5. Bb5 a6 6. Bxc6+ bxc6 7. d3 Be7 8. 0-0 d4 9. Nb1 Nf6 10. Nbd2 a5 11. a4 Ba6 12. Ne5 Qc7 13. Ndc4 0-0 14. Bd2 Bxc4 15. Nxc4 Rfb8 16. Qe1 Bd8 17. b3 Rb7 18. f5 e5 19. Qg3 Nd7 20. f6 Bxf6 21. Rf5 Kh8 22. Raf1 Rba7 23. Qh3 Re8 24. Rh5 Nf8 25. Rxf6 gxf6 26. Bh6 Ng6 27. Bg7+ Kxg7 28. Rxh7+ Kf8 29. Qh6+ Ke7 30. Qxg6 Rf8 31. Qf5 Qd7 32. Qf2 Qg4 33. Qd2 Rg8 34. g3 Qf4 35. Qxf4 exf4 36. Kf2 fxg3+ 37. hxg3 Ke6 38. Kf3 Raa8 39. Kg2 Rg5 40. Rh6 Rag8 41. Rh3 f5 42. exf5+ Rxf5 43. Nxa5 Kd5 44. Nc4 Rfg5 45. Nd2 f5 46. Kf3 Re8 47. Nc4 Re1 48. Rh6 Re6 49. Rh7 Reg6 50. Rd7+ Ke6 51. Rd6+ Ke7 52. Rxg6 Rxg6 53. Ne5 Rf6 54. Kf4 Kd6 55. Nc4+ Ke6 56. Nb6 Rf7 57. Kg5 f4 58. gxf4 Rg7+ 59. Kh6 Rg2 60. a5 Rxc2 61. a6 Ra2 62. Na4 Kf6 63. Kh7 Rh2+ 64. Kg8 Rg2+ 65. Kf8 Rg7 66. Nxc5 Ra7 67. Ke8 Kf5 68. Kd8 Kxf4 69. Kc8 Ke3 70. Kb8 Rxa6 71. Nxa6 Kxd3 72. Kc7 Kc3 73. Nc5 d3 74. Kxc6 d2 75. Ne4+ Kxb3 76. Nxd2+ 1/2-1/2

[Event "FRA-chT3 Gr12 0304"]
[Site "Loire"]
[Date "2004.02.01"]
[Round "6.8"]
[White "Pupier, Terry"]
[Black "Boillaud, Jean Marie"]
[Result "1/2-1/2"]
[WhiteElo "1790"]
[BlackElo "1860"]
[PlyCount "88"]
[EventDate "2003.10.12"]
[EventType "team"]
[EventRounds "9"]
[EventCountry "FRA"]
[SourceTitle "EXT 2008"]
[Source "ChessBase"]
[SourceDate "2007.11.25"]
[SourceVersion "1"]
[SourceVersionDate "2007.11.25"]
[SourceQuality "1"]

1. e4 e6 2. d4 d5 3. Nc3 Bb4 4. e5 c5 5. a3 Bxc3+ 6. bxc3 c4 7. Nf3 Nc6 8. Bd2 Nge7 9. Be2 b6 10. 0-0 0-0 11. Re1 Ng6 12. Bf1 Bd7 13. Qb1 Rb8 14. a4 Qc7 15. Bc1 Rb7 16. Ba3 Re8 17. Bd6 Qc8 18. g3 Nce7 19. Bh3 Qc6 20. Qb4 Nc8 21. Re2 h6 22. Bg4 Nge7 23. Bxe7 Rxe7 24. a5 b5 25. Rae1 a6 26. Nh4 Re8 27. f4 Ne7 28. Rf2 Nf5 29. Bxf5 exf5 30. Ng2 g6 31. Rfe2 Be6 32. Kf2 Qc7 33. Ne3 Reb8 34. Rb1 Qd8 35. Ng2 Kg7 36. Rbe1 g5 37. Re3 Kg6 38. Rh1 Rc8 39. Rb1 Rc6 40. Qa3 Rb8 41. Rb4 Qe7 42. Re1 Rh8 43. Ra1 h5 44. h4 g4 1/2-1/2